| 000 | 03625cam a22006857a 4500 | ||
|---|---|---|---|
| 001 | 000059822 | ||
| 003 | CHAP | ||
| 005 | 20220329140845.0 | ||
| 008 | 971013s1953 r 00010 d | ||
| 010 | _a58756 | ||
| 011 | _a59728 | ||
| 035 | _a63888 | ||
| 040 | _cCHAP | ||
| 082 |
_a333.7207 _bI58e |
||
| 110 |
_aInstituto Panamericano de Geografía e Historia _959413 |
||
| 245 | 1 | 4 | _aLos estudios sobre los recursos naturales en las Américas. |
| 260 |
_aMéxico, D.F. : _bEl Instituto, _c1953. |
||
| 300 |
_a9 v. : _b: ilus. ; mapas. |
||
| 490 | 0 | _aProyecto 29 del Programa de Cooperación Técnica de la O.E.A. | |
| 505 | _aContenido: v.1 Estudio preliminar en Guatemala, El Salvador, Honduras, Nicaragua, Costa Rica, Panamá, y Zona del Canal.- v.2 Estudio preliminar en Colombia y Venezuela.- v.3 Estudio preliminar en Cuba, Haití, Rep. Dominicana y Puerto Rico.- v.4 Estudi. -- v.5 Estudio preliminar en la región del Caribe: América Central, Las Antillas, Colombia, Venezuela y México. | ||
| 590 |
_aBATCH-UPD _b10 _c20130110 _lUCH01 _h0122 |
||
| 590 |
_aBATCH-UPD _b10 _c20130110 _lUCH01 _h0639 |
||
| 590 |
_aBATCH-UPD _b10 _c20130409 _lUCH01 _h2116 |
||
| 590 |
_aBATCH-UPD _b10 _c20130410 _lUCH01 _h0437 |
||
| 590 |
_aBATCH-UPD _b10 _c20130913 _lUCH01 _h2215 |
||
| 590 |
_aCONVERSION _b10 _c20130109 _lUCH01 _h1332 |
||
| 590 |
_aE6096MTM _b05 _c20160525 _lUCH01 _h0921 |
||
| 590 |
_aE6096MTM _b05 _c20160525 _lUCH01 _h1332 |
||
| 590 |
_aE6096MTM _b05 _c20160525 _lUCH01 _h1332 |
||
| 650 | 1 | 4 |
_aAgrónomos latinoamericanos. _92207 |
| 650 | 1 | 4 |
_aBiólogos latinoamericanos. _912840 |
| 650 | 1 | 4 |
_aBotánicos latinoamericanos. _914698 |
| 650 | 1 | 4 |
_aEscuelas agrícolas _xAmérica Latina. _937625 |
| 650 | 1 | 4 |
_aEscuelas agrícolas _xMéxico. _937645 |
| 650 | 1 | 4 |
_aGeólogos latinoamericanos. _947664 |
| 650 | 1 | 4 |
_aRecursos naturales _xAmérica Latina. _995189 |
| 650 | 1 | 4 |
_aRecursos naturales _xMéxico. _995299 |
| 830 | 0 |
_aProyecto 29 del Programa de Cooperación Técnica de la O.E.A. _992485 |
|
| 901 | _aBK | ||
| 942 | _cLIBRO | ||
| 942 | _n0 | ||
| 949 |
_a333.7207 I58e _bBC _cBPA _d33724000332698 _eBPA _fv.5 _h4254 _i63888 _si |
||
| 949 |
_a333.7207 I58e _bBC _cLIBRO _d33724000332656 _eLIBRO _fv.6 _h3945 _i63888 _si |
||
| 949 |
_a333.7207 I58e _bBC _cLIBRO _d33724000332664 _eLIBRO _fv.5 c.2 _h29926 _i63888 _si |
||
| 949 |
_a333.7207 I58e _bBC _cLIBRO _d33724000332672 _eLIBRO _fv.7 c.2 _h29928 _i63888 _si |
||
| 949 |
_a333.7207 I58e _bBC _cLIBRO _d33724000332680 _eLIBRO _fv.6 c.2 _h29927 _i63888 _si |
||
| 949 |
_a333.7207 I58e _bBC _cLIBRO _d33724000332706 _eLIBRO _fv.3 _h3942 _i63888 _si |
||
| 949 |
_a333.7207 I58e _bBC _cLIBRO _d33724000332771 _eLIBRO _fv.4 pte.2 c.2 _h29925 _i63888 _si |
||
| 949 |
_a333.7207 I58e _bBC _cLIBRO _d33724000332789 _eLIBRO _fv.4 pte.2 _h29924 _i63888 _si |
||
| 949 |
_a333.7207 I58e _bBC _cLIBRO _d33724000332797 _eLIBRO _fv.4 pte.1 c.2 _h3944 _i63888 _si |
||
| 949 |
_a333.7207 I58e _bBC _cLIBRO _d33724000332805 _eLIBRO _fv.2 c.2 _h29922 _i63888 _si |
||
| 949 |
_a333.7207 I58e _bBC _cLIBRO _d33724000332896 _eLIBRO _fv.4 pte.1 _h3943 _i63888 _si |
||
| 949 |
_a333.7207 I58e _bBC _cLIBRO _d33724000332904 _eLIBRO _fv.3 c.2 _h29923 _i63888 _si |
||
| 949 |
_a333.7207 I58e _bBC _cLIBRO _d33724000332912 _eLIBRO _fv.2 _h3941 _i63888 _si |
||
| 949 |
_a333.7207 I58e _bBC _cLIBRO _d33724000332920 _eLIBRO _fv.1 _h3940 _i63888 _si |
||
| 949 |
_a333.7207 I58e _bBC _cLIBRO _d33724000332938 _eLIBRO _fv.1 c.2 _h29921 _i63888 _si |
||
| 949 |
_a333.7207 I58e _bBC _cLIBRO _d33724000333969 _eLIBRO _fv.9 _h4255 _i63888 _si |
||
| 949 |
_a333.7207 I58e _bBC _cLIBRO _d33724000333985 _eLIBRO _fv.7 _h3946 _i63888 _si |
||
| 949 |
_a333.7207 I58e _bBC _cMUT _d-138048 _eMUT _fv.8 _i63888 _si |
||
| 999 |
_c58756 _d58756 |
||